| 000 | 00767nam a22001937a 4500 | ||
|---|---|---|---|
| 999 |
_c62417 _d62417 |
||
| 003 | Ge_BSU | ||
| 005 | 20241028162955.0 | ||
| 008 | 241028s1979 ge ||||| |||| 00| 0 geo d | ||
| 041 | _ageo | ||
| 080 | _a611(038) შ-44 | ||
| 100 |
_aშელია, ლეონარდ. _923528 |
||
| 245 |
_aანატომიის განმარტებითი ლექსიკონი / _c ლ. შელია. |
||
| 264 |
_aთბილისი : _bმეცნიერება, _c 1979. |
||
| 300 |
_a247 გვ. ; _b22 სმ. |
||
| 501 | _aლიტ. სია: გვ. 247. | ||
| 653 | _aანატომიის განმარტებითი ლექსიკონი | ||
| 653 | _aლექსიკონები. | ||
| 942 |
_2udc _cBK |
||